| 000 | 01218nam a2200301 i 4500 | ||
|---|---|---|---|
| 001 | 196541 | ||
| 003 | ES-MaACL | ||
| 005 | 20241016063115.0 | ||
| 007 | ta | ||
| 008 | 241004b1966 sp ||||| |||| 00| 0 spa d | ||
| 017 | _aM Sep. 3875/1958 | ||
| 040 |
_bspa _cES-MaACL _dES-MaACL |
||
| 100 | 1 |
_926456 _aBatlló, José, _d1939-2016 _eaut |
|
| 245 |
_aLas raíces / _cJosé Batllo |
||
| 260 |
_a[Madrid : _bs.n.], _c1966. _f(Imp. Boletín Oficial del Estado) |
||
| 300 |
_a4 p. ; _c24 cm |
||
| 336 |
_2rdacontent _atexto |
||
| 337 |
_2rdamedia _asin mediación |
||
| 338 |
_2rdacarrier _avolumen |
||
| 500 | _aTirada aparte de la revista "Cuadernos Hispanoamericanos" n.º 198 | ||
| 655 | 7 |
_2tgfbne _9176539 _aPoesías |
|
| 852 |
_aES-MaACL _cDEPOF _jFOLL-BUE-36 _gDedicatoria manuscrita del autor, José Batllo, para Antonio Buero Vallejo: "Para Antonio Buero Vallejo, con la admiración y la amistad de [Firma], 9/7/66" _hLegado: Antonio Buero Vallejo _9204261 |
||
| 903 |
_932421 _aBuero Vallejo, Antonio, _q1 _d1916-2000 _ednr |
||
| 942 |
_n0 _cFOLLETOS |
||
| 999 |
_c196541 _d196541 |
||